000 01068cam a2200289 a 4500
001 3965944
003 ARRUPE
005 20140130144020.0
008 940310s1985 sz b 100 0 eng
010 _a 94128830
020 _a2825408425
040 _aDLC
_cDLC
050 0 0 _aHD4813
_b.W54 1985
245 0 0 _aWill the future work? :
_bvalues for emerging patterns of work and employment /
_c[compiled by] Howard Davis, David Gosling.
260 _aGeneva :
_bWorld Council of Churches,
_cc1985
_g[1986 printing]
300 _axviii, 121, [2] ;
_c22 cm.
504 _aBibliography: p. [122]
650 0 _aLabor
_xForecasting
_xCongresses.
_97405
650 0 _aWork
_xForecasting
_xCongresses.
_97406
650 0 _aEmployment forecasting
_xCongresses.
_97407
650 0 _aChurch and labor
_xCongresses.
_97408
700 1 _aDavis, Howard,
_cDr.
_97409
700 1 _aGosling, David L.,
_d1939-
_97410
906 _a7
_bcbc
_corignew
_d2
_encip
_f19
_gy-gencatlg
942 _2lcc
_cMONOGRAPH
999 _c119792
_d119792